00298nam a2200109Ia 4500008004100000041000800041082000800049100001600057245006100073260004100134300001300175231228s1998 xx 000 0 und d aeng bGOR aGORGANI (K) aOfficial Advanced Power Builder 6 : The Definitive Guide aMoscowbMoscow Progress Pub. Bc1998 aXXIV,612